| 000 | 00631nam a2200217Ia 4500 | ||
|---|---|---|---|
| 005 | 20220630115634.0 | ||
| 008 | 131103s9999 xx 000 0 und d | ||
| 020 |
_a817040418 5 _cRs. 350 |
||
| 040 | _aLoreto College | ||
| 041 | _aEnglish | ||
| 082 |
_a304.6 _bPAT |
||
| 100 | _aPathak, K.B. | ||
| 245 |
_aTechniques of demographic analysis _cK.B.Pathak and F. Ram |
||
| 260 |
_aBombay _bHimalaya Publishing House _c1992 |
||
| 300 |
_av,460 p. _b ill., fig., tables |
||
| 504 | _aIncludes bibliography | ||
| 650 | _aFactors affecting social behaviour - Population - | ||
| 700 | _aRam, F. | ||
| 850 | _aLCLIB | ||
| 942 | _cBK | ||
| 999 |
_c1749 _d52228 |
||